Bonehead: you're a hero, digger bone / (Record no. 111092)
[ view plain ]
| 000 -LEADER | |
|---|---|
| fixed length control field | 00582nam a2200205 a 4500 |
| 001 - CONTROL NUMBER | |
| control field | 0269 |
| 005 - DATE AND TIME OF LATEST TRANSACTION | |
| control field | 20140414131909.0 |
| 008 - FIXED-LENGTH DATA ELEMENTS--GENERAL INFORMATION | |
| fixed length control field | 040902s19uu xx 00 eng d |
| 020 ## - INTERNATIONAL STANDARD BOOK NUMBER | |
| International Standard Book Number | 0-330-40044-4 |
| 050 ## - LIBRARY OF CONGRESS CALL NUMBER | |
| Classification number | ER |
| Item number | B64 2001 |
| 100 ## - MAIN ENTRY--PERSONAL NAME | |
| Personal name | Cornwell, Allan |
| 245 ## - TITLE STATEMENT | |
| Title | Bonehead: you're a hero, digger bone / |
| Statement of responsibility, etc | written by Allan Cornwell ; illustrated by JM Artworks. |
| 260 ## - PUBLICATION, DISTRIBUTION, ETC. (IMPRINT) | |
| Place of publication, distribution, etc | Australia : |
| Name of publisher, distributor, etc | Pancake Press, |
| Date of publication, distribution, etc | 2001. |
| 300 ## - PHYSICAL DESCRIPTION | |
| Extent | 1 v. (unp.) ; ill. |
| 440 ## - SERIES STATEMENT/ADDED ENTRY--TITLE | |
| Title | Bonehead |
| 650 ## - SUBJECT ADDED ENTRY--TOPICAL TERM | |
| Topical term or geographic name as entry element | Dogs |
| General subdivision | fiction. |
| 650 ## - SUBJECT ADDED ENTRY--TOPICAL TERM | |
| Topical term or geographic name as entry element | Adventures |
| General subdivision | fiction. |
| Withdrawn status | Lost status | Damaged status | Use restrictions | Home library | Current library | Shelving location | Date acquired | Source of acquisition | Total Checkouts | Full call number | Barcode | Date last seen | Price effective from | Koha item type |
|---|---|---|---|---|---|---|---|---|---|---|---|---|---|---|
| Munich Library | Munich Library | Easy Reading Section | 09/02/2004 | ER B64 2001 | M1657 | 04/14/2014 | 04/14/2014 | Books | ||||||
| Munich Library | Munich Library | Easy Reading Section | 09/02/2004 | ER B64 2001 | M1825 | 04/14/2014 | 04/14/2014 | Books |